Rocksongs schlecht erklärt #3 - Statistiken

Allgemein
  • Dieses Quiz wurde 46 mal gespielt
  • Das Durchschnittsergebnis liegt bei 4 aus 15
Antwortstatistiken
Hint Antwort % Korrekt
Ein kleiner Junge soll beim Schlafen lieber ein Auge offen halten. Nicht, dass der Sandmann kommt! Enter Sandman
82%
Lenny will einfach nur wegfliegen Fly Away
67%
Die Legenden des Heavy Metal fühlen sich verloren, wissen nicht, was sie tun sollen und leiden an Paranoia Paranoid
62%
Eine Band mit schwarz-weißen Gesichtern rockt einen Song, dessen Text eigentlich eher zu einer romantischen Ballade passen würde I was made for lovin you
54%
Eine Band mit 4 Ypsilons fühlt sich frei, wie ein Vogel. Free bird
38%
Iggy ist bei einer Nachtfahrt durch die Stadt der Beifahrer. The passenger
36%
Das niederbrennende Montreux Casino bietet Inspiration für einen Rock-Klassiker Smoke on the water
23%
Der "Austernkult" appeliert den Tod nicht zu fürchten und auf Liebe nach dem Tod. (Dont fear) the reaper
21%
Zwei Gitaristen mit langem Bart und Sonnenbrillen besingen ein Bordell La Grange
21%
In diesem Lied von 1969 ist jemand, der kein "Militärsohn" ist, nicht dazu gemacht Krieg zu führen. Fortunate Son
13%
"Major Tom" stirbt allein im All Space Oddity
10%
Ein eigenwilliger Sohn geht seinen Weg auf der Suche nach Frieden Carry on wayward son
5%
John singt in einem eher wirren Lied der "Pilzköpfe": "Eins kann ich dir sagen: Du musst frei sein" Come together
3%
Ein Trick, wenn man sich mal verloren fühlen möchte: "Mit den Füßen in der Luft und dem Kopf auf dem Boden Versuch diesen Trick und dreh dich." Where is my mind
3%
Für einen Obdachlosen erscheinen "Gedanken wie Schmetterlinge" Even Flow
0%
Keine übereinstimmenden Quizze gefunden
Verteilung der Resultate
Anzahl Personen mit jedem Resultat
Perzentil nach korrekt beantworteten Fragen
Ihre Resultats-Entwicklung
Sie haben dieses Quiz noch nicht gespielt